[Event "Quebec-ch qual. 2"]
[Site "Montreal CAN"]
[Date "2006.05.21"]
[Round "4"]
[White "Leclair, Hugues"]
[Black "Chesnut, Walter"]
[Result "1-0"]
[WhiteElo "1767"]
[BlackElo "1420"]
[PlyCount "69"]
[EventDate "2006.05.19"]
[EventType "swiss"]
[EventRounds "5"]
[EventCountry "CAN"]

1. e4 c5 2. Nc3 Nc6 3. f4 d6 4. Bc4 e6 5. Nf3 Nf6 6. d3 Be7 7. O-O Na5 8. e5
dxe5 9. fxe5 Nd5 10. Ne4 h6 11. Bb5+ Bd7 12. a4 Nc6 13. c3 Qc7 14. Bxc6 Bxc6
15. Qe1 Nb6 16. a5 Nd7 17. Bf4 b6 18. axb6 Qxb6 19. Nfd2 c4+ 20. d4 Bd5 21. Qg3
g5 22. Be3 Qb7 23. Nd6+ Bxd6 24. exd6 Qxb2 25. Nf3 Qxc3 26. Ne5 f5 27. Rac1 Qa3
28. Nxc4 Qa6 29. Nd2 f4 30. Bxf4 gxf4 31. Qg7 Qxd6 32. Qxh8+ Nf8 33. Qxh6 Be4
34. Nxe4 Qxd4+ 35. Nf2 1-0

[Event "Quebec-ch qual. 2"]
[Site "Montreal CAN"]
[Date "2006.05.21"]
[Round "4"]
[White "Malveau, Cedric"]
[Black "Blais, Richard"]
[Result "0-1"]
[WhiteElo "2041"]
[BlackElo "1849"]
[PlyCount "96"]
[EventDate "2006.05.19"]
[EventType "swiss"]
[EventRounds "5"]
[EventCountry "CAN"]

1. d4 d5 2. Nf3 Nf6 3. c4 e6 4. Bg5 Be7 5. e3 Ne4 6. Bxe7 Qxe7 7. a3 O-O 8. Nc3
c6 9. Qc2 f5 10. Bd3 Nd7 11. h3 Ndf6 12. Ne5 Nd7 13. Nxd7 Bxd7 14. g4 Nxc3 15.
bxc3 e5 16. cxd5 cxd5 17. Qb3 e4 18. Be2 Be6 19. gxf5 Rxf5 20. Bg4 Rf7 21. Ke2
Raf8 22. Raf1 Bxg4+ 23. hxg4 Qe6 24. Rhg1 Qa6+ 25. Ke1 Qd3 26. Rg2 Rc8 27. Qb2
Rxc3 28. Qd2 Rxa3 29. Qxd3 Rxd3 30. Ke2 Rc3 31. Rb1 a5 32. Rb5 a4 33. Rxd5 a3
34. Rc5 Rxc5 35. dxc5 Rc7 36. Rg1 Rxc5 37. Kd2 b5 38. Rb1 b4 39. Rxb4 Ra5 40.
Rb1 a2 41. Ra1 Kf7 42. f3 exf3 43. Ke1 Kf6 44. Kf2 Ke5 45. Kxf3 g5 46. Kf2 Ke4
47. Ke2 Ra3 48. Kf2 h6 0-1

[Event "Quebec-ch qual. 2"]
[Site "Montreal CAN"]
[Date "2006.05.21"]
[Round "4"]
[White "Morissette, Jean"]
[Black "Arsenault, Nicolas"]
[Result "0-1"]
[WhiteElo "1980"]
[BlackElo "2073"]
[PlyCount "74"]
[EventDate "2006.05.19"]
[EventType "swiss"]
[EventRounds "5"]
[EventCountry "CAN"]

1. d4 Nf6 2. Bg5 c5 3. Bxf6 gxf6 4. d5 Qb6 5. Nd2 Qxb2 6. e4 Bh6 7. Ngf3 d6 8.
Rb1 Qc3 9. Bb5+ Kf8 10. Rb3 Qa5 11. O-O a6 12. Be2 b5 13. c3 Rg8 14. Qc2 Bg4
15. Rfb1 Nd7 16. e5 Nxe5 17. Nxe5 fxe5 18. Nc4 Qd8 19. Qxh7 Bf4 20. Bxg4 Rxg4
21. Ne3 Bxe3 22. fxe3 f6 23. e4 c4 24. R3b2 Qb6+ 25. Kh1 Qe3 26. Rf1 Qg5 27.
Rbf2 Ke8 28. h3 Rh4 29. Qf5 Qxf5 30. exf5 Re4 31. g4 Rc8 32. Kg2 b4 33. Rc1
bxc3 34. Rxc3 Rd4 35. Ra3 Rxd5 36. Rxa6 c3 37. Rf1 c2 0-1

[Event "Quebec-ch qual. 2"]
[Site "Montreal CAN"]
[Date "2006.05.21"]
[Round "5"]
[White "Arsenault, Nicolas"]
[Black "Aroutiunian, Tigran"]
[Result "1/2-1/2"]
[WhiteElo "2073"]
[BlackElo "2123"]
[PlyCount "31"]
[EventDate "2006.05.19"]
[EventType "swiss"]
[EventRounds "5"]
[EventCountry "CAN"]

1. e4 c5 2. Nf3 Nc6 3. d4 cxd4 4. Nxd4 e5 5. Nb5 d6 6. N1c3 a6 7. Na3 b5 8. Nd5
Nf6 9. Bg5 Be7 10. Bxf6 Bxf6 11. c3 O-O 12. Nc2 Bg5 13. h4 Bh6 14. a4 bxa4 15.
Rxa4 a5 16. Bb5 1/2-1/2

[Event "Quebec-ch qual. 2"]
[Site "Montreal CAN"]
[Date "2006.05.21"]
[Round "5"]
[White "Chase, Oliver"]
[Black "Leclair, Hugues"]
[Result "1/2-1/2"]
[WhiteElo "1644"]
[BlackElo "1767"]
[PlyCount "73"]
[EventDate "2006.05.19"]
[EventType "swiss"]
[EventRounds "5"]
[EventCountry "CAN"]

1. d4 Nf6 2. Bg5 Ne4 3. h4 c5 4. dxc5 Qa5+ 5. Nd2 Nxg5 6. hxg5 Qxc5 7. Ngf3 Nc6
8. e4 Ne5 9. c3 Ng4 10. Qe2 d6 11. Qb5+ Bd7 12. Qxc5 dxc5 13. Bd3 O-O-O 14. Bc4
e6 15. Rh4 h5 16. gxh6 Nxh6 17. O-O-O Be7 18. Rhh1 b5 19. Bb3 c4 20. Bc2 Ng4
21. Rhf1 Bc5 22. Ng5 Be8 23. Nh3 Bc6 24. Rde1 Rd7 25. Re2 Rhd8 26. f3 Ne3 27.
Rfe1 f6 28. Nf4 Rd6 29. Nf1 Nxf1 30. Rxf1 g5 31. Nh5 e5 32. Ng7 Bd7 33. g4 Rh8
34. Nf5 Bxf5 35. exf5 a5 36. Rd1 Rxd1+ 37. Kxd1 1/2-1/2

[Event "Quebec-ch qual. 2"]
[Site "Montreal CAN"]
[Date "2006.05.21"]
[Round "5"]
[White "Goldner, John"]
[Black "Mathews, Theo"]
[Result "0-1"]
[WhiteElo "1845"]
[BlackElo "1599"]
[PlyCount "60"]
[EventDate "2006.05.19"]
[EventType "swiss"]
[EventRounds "5"]
[EventCountry "CAN"]

1. e4 e5 2. d4 Nf6 3. dxe5 Nxe4 4. Nf3 d5 5. Nbd2 Nxd2 6. Bxd2 Be7 7. Bd3 Bg4
8. Qe2 c5 9. Bb5+ Nc6 10. h3 Bxf3 11. Qxf3 O-O 12. Bxc6 bxc6 13. O-O c4 14.
Rad1 Qd7 15. Qg3 Qe6 16. f4 Bc5+ 17. Kh1 Qg6 18. Qc3 Qf5 19. Rde1 h5 20. Bc1
Rab8 21. a3 Rfe8 22. Qf3 Re6 23. g4 hxg4 24. hxg4 Rh6+ 25. Kg2 Qxc2+ 26. Re2
Qh7 27. Qg3 Rb3 28. Rf3 Rxf3 29. Qxf3 Rh2+ 30. Kf1 Rh1+ 0-1

[Event "Quebec-ch qual. 2"]
[Site "Montreal CAN"]
[Date "2006.05.21"]
[Round "5"]
[White "Maharisoa, Tantely"]
[Black "Bolduc, Rene"]
[Result "0-1"]
[WhiteElo "1520"]
[BlackElo "1409"]
[PlyCount "52"]
[EventDate "2006.05.19"]
[EventType "swiss"]
[EventRounds "5"]
[EventCountry "CAN"]

1. d4 d5 2. c4 dxc4 3. Nf3 Nf6 4. e3 e6 5. Bxc4 b6 6. O-O Be7 7. Nc3 Bb7 8. Re1
O-O 9. a3 Nbd7 10. Bd3 Nd5 11. Bd2 Nxc3 12. Bxc3 h6 13. Rc1 Rc8 14. e4 Bf6 15.
Re3 c5 16. Bb1 cxd4 17. Nxd4 Ne5 18. Rg3 Ng6 19. Qh5 Qxd4 20. Rd1 Qc5 21. e5
Bh4 22. Bd4 Qd5 23. Be3 Qxe5 24. Qxh4 Nxh4 25. Bd4 Qxd4 26. Rxd4 Rc1+ 0-1

[Event "Quebec-ch qual. Quebec"]
[Site "Quebec CAN"]
[Date "2006.05.12"]
[Round "1"]
[White "Gaspariants, Vladimir"]
[Black "Cournoyer, Dominic"]
[Result "1/2-1/2"]
[WhiteElo "2266"]
[BlackElo "1762"]
[PlyCount "90"]
[EventDate "2006.05.12"]
[EventType "swiss"]
[EventRounds "5"]
[EventCountry "CAN"]

1. e4 d5 2. e5 Bf5 3. Nf3 e6 4. d4 Nd7 5. Bd3 Bg4 6. c3 c5 7. a3 Ne7 8. b4 cxd4
9. cxd4 Nc6 10. Be3 Nb6 11. Nbd2 Be7 12. Rc1 Rc8 13. Qb3 Nxe5 14. Bb5+ Ned7 15.
O-O O-O 16. a4 a6 17. Bd3 Nf6 18. a5 Nbd7 19. Rxc8 Qxc8 20. b5 Bd6 21. bxa6
bxa6 22. Qa4 e5 23. dxe5 Nxe5 24. Nxe5 Bxe5 25. f4 Bd6 26. Bd4 Bd7 27. Qa1 Bc5
28. Nb3 Bxd4+ 29. Nxd4 Re8 30. Rc1 Qb7 31. Rb1 Qc7 32. Bxa6 Qxf4 33. Qc3 Ng4
34. Nf3 Bf5 35. g3 Qh6 36. Rb6 Qh3 37. Bf1 Qh5 38. h3 Nf6 39. g4 Bxg4 40. hxg4
Qxg4+ 41. Bg2 Ne4 42. Qe5 Qc8 43. Qxd5 Qc1+ 44. Kh2 Qf4+ 45. Kg1 Qe3+ 1/2-1/2

[Event "Quebec-ch qual. Quebec"]
[Site "Quebec CAN"]
[Date "2006.05.13"]
[Round "2"]
[White "Caron, Sebastien"]
[Black "Dorion, Francois"]
[Result "1-0"]
[WhiteElo "1917"]
[BlackElo "1788"]
[PlyCount "81"]
[EventDate "2006.05.12"]
[EventType "swiss"]
[EventRounds "5"]
[EventCountry "CAN"]

1. d4 Nf6 2. c4 e6 3. Nc3 d5 4. e3 c5 5. Nf3 Nc6 6. Ne5 Bd6 7. f4 O-O 8. Be2
cxd4 9. exd4 dxc4 10. Nxc6 bxc6 11. Bxc4 Bb7 12. O-O Qc7 13. Bd3 Rfd8 14. Be3
Rac8 15. Rc1 Qb8 16. Qe1 c5 17. Qh4 cxd4 18. Bxd4 Bc5 19. Bxc5 Rxc5 20. Rcd1
Rdc8 21. g4 Ba8 22. g5 Qb6 23. Rf2 Qb7 24. Kf1 Rxc3 25. bxc3 Ne4 26. Bxe4 Qxe4
27. Qg3 Bb7 28. Rfd2 g6 29. Kf2 Rc4 30. Rd4 Rxd4 31. Rxd4 Qc2+ 32. Ke1 Qb1+ 33.
Rd1 Qe4+ 34. Kd2 Bd5 35. Qe3 Qa4 36. Rc1 Qxa2+ 37. Rc2 Qc4 38. Rb2 h5 39. Rb8+
Kh7 40. Qe5 Qa2+ 41. Ke3 1-0

[Event "Quebec-ch qual. Quebec"]
[Site "Quebec CAN"]
[Date "2006.05.13"]
[Round "2"]
[White "Poliquin, Yvon"]
[Black "Ouellet, Michel"]
[Result "1/2-1/2"]
[WhiteElo "1842"]
[BlackElo "1897"]
[PlyCount "108"]
[EventDate "2006.05.12"]
[EventType "swiss"]
[EventRounds "5"]
[EventCountry "CAN"]

1. e4 d6 2. d4 Nf6 3. Nc3 g6 4. f4 Bg7 5. Nf3 c5 6. Bb5+ Bd7 7. e5 Ng4 8. e6
fxe6 9. Ng5 Bxb5 10. Qxg4 Bd7 11. Nxh7 Kf7 12. Ng5+ Kf8 13. Nxe6+ Bxe6 14. Qxe6
cxd4 15. f5 Qd7 16. O-O Qxe6 17. fxe6+ Kg8 18. Nd5 Nc6 19. Bg5 Re8 20. Rf7 Bf8
21. Raf1 Rh7 22. h4 Ne5 23. Rxh7 Kxh7 24. Bf4 Ng4 25. Bg5 Ne5 26. Bf4 Ng4 27.
Kh1 Bg7 28. g3 Nf6 29. Nxf6+ Bxf6 30. Bxd6 Kg7 31. Ba3 Kh6 32. Kg2 g5 33. hxg5+
Kxg5 34. Rf3 Rc8 35. c3 dxc3 36. bxc3 Rc6 37. Re3 Ra6 38. c4 Ra4 39. c5 Rc4 40.
Kf3 Rc2 41. Re2 Rxe2 42. Kxe2 Kf5 43. Kd3 Kxe6 44. Ke4 Bc3 45. g4 Bd2 46. Bb2
Bg5 47. a4 Bd2 48. Bd4 a6 49. Bf2 Bg5 50. Bg3 Bd2 51. Bf4 Bb4 52. Kd4 Ba3 53.
Be3 Bb2+ 54. Ke4 Bc3 1/2-1/2

[Event "Quebec-ch qual. Quebec"]
[Site "Quebec CAN"]
[Date "2006.05.13"]
[Round "3"]
[White "Audet-Bouchard, Nicolas"]
[Black "Poliquin, Yvon"]
[Result "1/2-1/2"]
[WhiteElo "2192"]
[BlackElo "1842"]
[PlyCount "82"]
[EventDate "2006.05.12"]
[EventType "swiss"]
[EventRounds "5"]
[EventCountry "CAN"]

1. e4 c5 2. Nf3 d6 3. c3 Nf6 4. Be2 Nc6 5. d4 cxd4 6. cxd4 Nxe4 7. O-O d5 8.
Nc3 Nxc3 9. bxc3 e6 10. Re1 Be7 11. Bd3 a6 12. Bc2 b5 13. Qd3 Bb7 14. Bf4 Rc8
15. Re2 Bf6 16. Rae1 Kf8 17. g3 Ne7 18. h4 Qa5 19. Bd2 Qxa2 20. g4 Nc6 21. g5
Be7 22. h5 Nb4 23. cxb4 Qxc2 24. Qe3 Qe4 25. Qxe4 dxe4 26. Ne5 Ke8 27. Rb1 f6
28. Ng4 f5 29. Ne5 Bd6 30. Bf4 Bxe5 31. Bxe5 Rg8 32. Ree1 g6 33. h6 Kd7 34.
Rec1 Rc4 35. Rxc4 bxc4 36. Kf1 Kc6 37. Ke2 Rd8 38. Kd2 Rd5 39. Kc3 Rb5 40. Ra1
Kd5 41. Ra2 Bc8 1/2-1/2

[Event "Quebec-ch qual. Quebec"]
[Site "Quebec CAN"]
[Date "2006.05.13"]
[Round "3"]
[White "Gaspariants, Vladimir"]
[Black "Caron, Sebastien"]
[Result "1-0"]
[WhiteElo "2266"]
[BlackElo "1917"]
[PlyCount "59"]
[EventDate "2006.05.12"]
[EventType "swiss"]
[EventRounds "5"]
[EventCountry "CAN"]

1. e4 c5 2. Nf3 d6 3. c3 g6 4. d4 cxd4 5. cxd4 Bg7 6. h3 Nc6 7. Nc3 Nf6 8. Bb5
Bd7 9. e5 Ng8 10. Bf4 dxe5 11. dxe5 e6 12. Ne4 Bf8 13. O-O Qb6 14. a4 Be7 15.
Bg5 Rd8 16. Bxe7 Ncxe7 17. a5 Qc7 18. Nd6+ Kf8 19. Rc1 Bc6 20. Ng5 Nh6 21. Bxc6
Nxc6 22. a6 Qe7 23. axb7 Nxe5 24. Rc8 Nd7 25. Rxd8+ Qxd8 26. Ndxf7 Nxf7 27.
Nxe6+ Ke7 28. Nxd8 Rxd8 29. Re1+ Nde5 30. Rxe5+ 1-0

[Event "Quebec-ch qual. Quebec"]
[Site "Quebec CAN"]
[Date "2006.05.14"]
[Round "4"]
[White "Caron, Sebastien"]
[Black "Ouellet, Michel"]
[Result "0-1"]
[WhiteElo "1917"]
[BlackElo "1897"]
[PlyCount "96"]
[EventDate "2006.05.12"]
[EventType "swiss"]
[EventRounds "5"]
[EventCountry "CAN"]

1. e4 d6 2. d4 Nf6 3. Nc3 g6 4. f4 Bg7 5. Be2 c5 6. Be3 cxd4 7. Bxd4 Nc6 8. Bb5
Bd7 9. Bxc6 Bxc6 10. Nf3 O-O 11. Qe2 Qa5 12. O-O Qh5 13. h3 a6 14. Rae1 Rfe8
15. Ng5 Qxe2 16. Rxe2 h6 17. Nf3 Nh5 18. Bxg7 Kxg7 19. Ref2 Nxf4 20. Nd4 e5 21.
Nxc6 bxc6 22. Kh2 Re7 23. g3 Ne6 24. Rd2 Rd7 25. Na4 Rb8 26. Rfd1 Rb4 27. b3
Rxe4 28. Kg2 Rd4 29. Nb6 Rd8 30. Nc4 f6 31. c3 Rxd2+ 32. Rxd2 d5 33. Na5 Rc8
34. Kf3 Ng5+ 35. Ke3 Nxh3 36. Nb7 Ng5 37. Nc5 Ra8 38. a4 a5 39. b4 axb4 40.
cxb4 Kf7 41. Ra2 Ne6 42. Nd7 Ra7 43. Nb8 Nd4 44. a5 Ke7 45. Rh2 Ra8 46. g4 Rxb8
47. Rxh6 Nc2+ 48. Kd2 Nxb4 0-1

[Event "Quebec-ch qual. Quebec"]
[Site "Quebec CAN"]
[Date "2006.05.14"]
[Round "4"]
[White "Gaspariants, Vladimir"]
[Black "Audet-Bouchard, Nicolas"]
[Result "0-1"]
[WhiteElo "2192"]
[BlackElo "2266"]
[PlyCount "121"]
[EventDate "2006.05.12"]
[EventType "swiss"]
[EventRounds "5"]
[EventCountry "CAN"]

1. e4 e5 2. f4 Bc5 3. Nf3 d6 4. Nc3 Nc6 5. d3 Nf6 6. Na4 Bg4 7. Nxc5 dxc5 8.
Be2 Qe7 9. O-O h6 10. Bd2 Bxf3 11. Bxf3 O-O-O 12. Qe1 Nd4 13. Bd1 exf4 14. Bxf4
Kb8 15. Qg3 Ne6 16. Be5 Nd7 17. Bc3 h5 18. Rf5 h4 19. Qf2 f6 20. Rh5 g5 21.
Rxh8 Rxh8 22. Bg4 Nf4 23. Bxd7 Qxd7 24. Bxf6 Rf8 25. e5 h3 26. Bxg5 Ne6 27. Bf6
hxg2 28. Re1 Ng5 29. Qxg2 Nh3+ 30. Kh1 Qe6 31. Re3 Nf4 32. Qf3 Nd5 33. Re4 Rg8
34. c4 Nb4 35. Rh4 b6 36. a3 Nc2 37. Qd5 Qe8 38. Qxg8 Qxg8 39. Rh8 Qxh8 40.
Bxh8 Nd4 41. h4 Kc8 42. h5 Ne6 43. h6 Kd7 44. Bg7 Ng5 45. Kg2 Ke6 46. Kg3 Kf5
47. Bf6 Nh7 48. Kf3 c6 49. Ke3 Kg6 50. Ke4 Nf8 51. Be7 Ne6 52. h7 Kxh7 53. Kf5
Ng7+ 54. Kf6 Kg8 55. Bd6 Nh5+ 56. Ke7 Kg7 57. e6 Kg6 58. Kd8 Ng7 59. Kd7 Kf6
60. e7 Kf7 61. Bb8 0-1

[Event "Quebec-ch qual. Quebec"]
[Site "Quebec CAN"]
[Date "2006.05.14"]
[Round "4"]
[White "Poliquin, Yvon"]
[Black "Champetier, Serge"]
[Result "0-1"]
[WhiteElo "1842"]
[BlackElo "2045"]
[PlyCount "82"]
[EventDate "2006.05.12"]
[EventType "swiss"]
[EventRounds "5"]
[EventCountry "CAN"]

1. e4 d6 2. d4 Nf6 3. Nc3 g6 4. f4 Bg7 5. Nf3 O-O 6. e5 dxe5 7. fxe5 Nd5 8. Bc4
Nb6 9. Bb3 c5 10. dxc5 Qxd1+ 11. Nxd1 N6d7 12. e6 Nxc5 13. exf7+ Kh8 14. Bc4
Be6 15. Bxe6 Nxe6 16. O-O Rxf7 17. Re1 Nd4 18. Nxd4 Bxd4+ 19. Be3 Be5 20. c3
Nc6 21. Nf2 b6 22. Rad1 e6 23. Ne4 h6 24. Re2 Kg7 25. Nf2 g5 26. Red2 Kg6 27.
Rd7 Raf8 28. Rxf7 Rxf7 29. Ne4 Rc7 30. g3 Ne7 31. Kg2 Nf5 32. Bf2 h5 33. Rd3 g4
34. b3 h4 35. gxh4 Rh7 36. c4 Nxh4+ 37. Bxh4 Rxh4 38. Ng3 Rh7 39. Re3 Bxg3 40.
Rxg3 Kf5 41. h3 gxh3+ 0-1

[Event "Quebec-ch qual. Quebec"]
[Site "Quebec CAN"]
[Date "2006.05.14"]
[Round "4"]
[White "Sauve, Richard"]
[Black "Cournoyer, Dominic"]
[Result "1-0"]
[WhiteElo "2121"]
[BlackElo "1762"]
[PlyCount "93"]
[EventDate "2006.05.12"]
[EventType "swiss"]
[EventRounds "5"]
[EventCountry "CAN"]

1. d4 f5 2. g3 Nf6 3. Bg2 e6 4. Nf3 Be7 5. O-O O-O 6. c4 d6 7. b3 Ne4 8. Bb2
Nd7 9. Nbd2 Nxd2 10. Qxd2 Nf6 11. Qc2 c6 12. e3 Bd7 13. Rfe1 Rc8 14. Nd2 Be8
15. e4 fxe4 16. Nxe4 Bg6 17. Nxf6+ Bxf6 18. Qe2 Re8 19. Rad1 Bf5 20. f4 d5 21.
g4 Bh4 22. gxf5 Bxe1 23. Rxe1 exf5 24. Qxe8+ Qxe8 25. Rxe8+ Rxe8 26. Kf2 dxc4
27. bxc4 Re7 28. d5 cxd5 29. cxd5 h6 30. d6 Rd7 31. Bd5+ Kh7 32. Be5 Kg6 33.
Be6 Rd8 34. d7 b5 35. Bc7 Kf6 36. Bxf5 Kxf5 37. Bxd8 Ke6 38. Bf6 Kxd7 39. Bxg7
h5 40. Kg3 Ke6 41. Kh4 a5 42. Kxh5 Kf5 43. h4 b4 44. Bf8 Kf6 45. Kg4 Kf7 46.
Bc5 Kg6 47. f5+ 1-0

[Event "Quebec-ch qual. Quebec"]
[Site "Quebec CAN"]
[Date "2006.05.14"]
[Round "5"]
[White "Champetier, Serge"]
[Black "Audet-Bouchard, Nicolas"]
[Result "1-0"]
[WhiteElo "2045"]
[BlackElo "2192"]
[PlyCount "114"]
[EventDate "2006.05.12"]
[EventType "swiss"]
[EventRounds "5"]
[EventCountry "CAN"]

1. e4 c5 2. Nc3 Nc6 3. f4 g6 4. Nf3 Bg7 5. Bb5 Nd4 6. O-O Nxb5 7. Nxb5 d5 8. e5
a6 9. Nc3 b5 10. a3 Bg4 11. h3 Bxf3 12. Qxf3 e6 13. Ne2 Ne7 14. b4 cxb4 15.
axb4 Qb6+ 16. Kh1 h5 17. d3 Nf5 18. c4 bxc4 19. dxc4 Rd8 20. Qc3 d4 21. Qd3 Bf8
22. Bd2 Bxb4 23. Bxb4 Qxb4 24. Rxa6 Ne3 25. Rb1 Qxc4 26. Qxc4 Nxc4 27. Nxd4 O-O
28. Nf3 Ne3 29. Kg1 Rc8 30. Kf2 Nd5 31. g3 Rc2+ 32. Kg1 Nc3 33. Nd4 Rd2 34. Rb3
Rc8 35. Nc6 Nd5 36. Rb7 Kg7 37. Rd7 Rb2 38. h4 Nb4 39. Raa7 Rxc6 40. Rxf7+ Kg8
41. Rg7+ Kf8 42. Rgf7+ Ke8 43. Rfc7 Rxc7 44. Rxc7 Nd5 45. Ra7 Rc2 46. Ra8+ Kd7
47. Ra7+ Rc7 48. Ra2 Ne3 49. Ra8 Nf5 50. Rg8 Ne7 51. Ra8 Kc6 52. Ra6+ Kd5 53.
Rd6+ Ke4 54. Rxe6 Kf3 55. Kh2 Rc2+ 56. Kg1 Kxg3 57. Kf1 Rc7 1-0

[Event "Quebec-ch qual. Quebec"]
[Site "Quebec CAN"]
[Date "2006.05.14"]
[Round "5"]
[White "Cournoyer, Dominic"]
[Black "Belanger, Jean Sebastien"]
[Result "1-0"]
[WhiteElo "1762"]
[BlackElo "1553"]
[PlyCount "73"]
[EventDate "2006.05.12"]
[EventType "swiss"]
[EventRounds "5"]
[EventCountry "CAN"]

1. c4 e5 2. Nc3 f5 3. d3 Bb4 4. Bd2 Nf6 5. Nf3 Nc6 6. g3 d6 7. Bg2 O-O 8. O-O
Bxc3 9. Bxc3 Ne7 10. b4 Ng6 11. Qb3 Kh8 12. c5 Qe7 13. cxd6 cxd6 14. Rac1 f4
15. b5 fxg3 16. fxg3 Be6 17. Qb2 Ng4 18. Qd2 Qd7 19. Ng5 Bg8 20. a4 d5 21. Nf3
d4 22. Bb4 Rf5 23. Bh3 Rh5 24. Rc7 Qxc7 25. Bxg4 Rh6 26. Rc1 Qb6 27. Qg5 e4 28.
Bc5 Qa5 29. Nxd4 exd3 30. exd3 Qxa4 31. Nf5 Rxh2 32. Kxh2 Qa2+ 33. Kh3 Bd5 34.
Ne3 Qd2 35. Rc2 Qxd3 36. Qxd5 Qxb5 37. Bd4 1-0

[Event "Quebec-ch qual. Quebec"]
[Site "Quebec CAN"]
[Date "2006.05.14"]
[Round "5"]
[White "L'Heureux, Clement"]
[Black "Sauve, Richard"]
[Result "0-1"]
[WhiteElo "1930"]
[BlackElo "2121"]
[PlyCount "59"]
[EventDate "2006.05.12"]
[EventType "swiss"]
[EventRounds "5"]
[EventCountry "CAN"]

1. d4 e6 2. Nc3 d5 3. Nf3 Nf6 4. Bg5 Be7 5. Bxf6 Bxf6 6. e4 dxe4 7. Nxe4 Be7 8.
Qd2 Nd7 9. O-O-O Nf6 10. Bd3 O-O 11. h4 Nxe4 12. Bxe4 c5 13. c3 cxd4 14. Nxd4
Qa5 15. Kb1 Rb8 16. Qe2 Rd8 17. Nf3 Rxd1+ 18. Qxd1 b5 19. Bxh7+ Kxh7 20. Ng5+
Kg6 21. Qd3+ f5 22. Qg3 Bxg5 23. Qxb8 Bxh4 24. Rxh4 Qd8 25. Rd4 Qh8 26. Qg3+
Kf6 27. Rh4 Qd8 28. Rh1 Bb7 29. Rh6+ Kf7 30. Qg6+ 0-1

[Event "Quebec-ch qual. Quebec"]
[Site "Quebec CAN"]
[Date "2006.05.14"]
[Round "5"]
[White "Ouellet, Michel"]
[Black "Gaspariants, Vladimir"]
[Result "1/2-1/2"]
[WhiteElo "1897"]
[BlackElo "2266"]
[PlyCount "115"]
[EventDate "2006.05.12"]
[EventType "swiss"]
[EventRounds "5"]
[EventCountry "CAN"]

1. e4 e5 2. Nf3 Nc6 3. Bb5 a6 4. Bxc6 dxc6 5. O-O Qd6 6. Na3 b5 7. c3 Bg4 8. h3
Bxf3 9. Qxf3 Qf6 10. Nc2 Qxf3 11. gxf3 Bd6 12. d4 f6 13. f4 exf4 14. e5 fxe5
15. dxe5 Bc5 16. Bxf4 Ne7 17. Be3 Bxe3 18. Nxe3 g5 19. Rad1 h5 20. f4 gxf4 21.
Rxf4 Rg8+ 22. Kf2 Rg5 23. Re4 Ng6 24. e6 Rd8 25. Rxd8+ Kxd8 26. Rd4+ Ke7 27.
Rd7+ Kxe6 28. Rxc7 Ne7 29. Ra7 Nd5 30. Rxa6 Nxe3 31. Kxe3 Kd5 32. c4+ bxc4 33.
Kf4 Rg2 34. Rb6 h4 35. a4 Rg3 36. a5 Rxh3 37. a6 Rh1 38. a7 Ra1 39. Rb7 Ra4 40.
Ke3 h3 41. Rh7 Kc5 42. Kd2 Kb5 43. Rb7+ Kc5 44. Kc3 h2 45. Rh7 Rxa7 46. Rxh2
Kb5 47. Rh8 Rd7 48. Rb8+ Kc5 49. Rh8 Rd3+ 50. Kc2 Rg3 51. Rf8 Re3 52. Rd8 Re5
53. Rh8 Re3 54. Kd2 Rb3 55. Rd8 Rb7 56. Kc3 Kb5 57. Rd4 Rg7 58. Rd8 1/2-1/2

[Event "RA Fall op"]
[Site "Ottawa CAN"]
[Date "2006.09.09"]
[Round "1"]
[White "Xiong, Sonja"]
[Black "Pacey, Kevin"]
[Result "0-1"]
[WhiteElo "1669"]
[BlackElo "2129"]
[PlyCount "66"]
[EventDate "2006.09.09"]
[EventType "swiss"]
[EventRounds "5"]
[EventCountry "CAN"]

1. e4 e5 2. Nf3 Nc6 3. Bc4 Nf6 4. Nc3 Bc5 5. d3 d6 6. Be3 Bg4 7. h3 Bh5 8. a3
Nd4 9. Bxd4 Bxd4 10. Qd2 Bxc3 11. Qxc3 Bxf3 12. gxf3 Nh5 13. O-O-O O-O 14. Rdg1
Qf6 15. Bb3 c6 16. Qb4 b5 17. Kb1 a5 18. Qd2 Nf4 19. h4 d5 20. Rg4 d4 21. Rhg1
g6 22. R1g3 Ra7 23. Rg5 Kh8 24. R5g4 c5 25. Rg1 Rc8 26. Rh1 c4 27. dxc4 bxc4
28. Ba4 c3 29. Qd1 cxb2 30. Rh2 Rb8 31. Rg5 Qd6 32. Bb3 Rxb3 33. cxb3 Qxa3 0-1

[Event "RA Fall op"]
[Site "Ottawa CAN"]
[Date "2006.09.09"]
[Round "2"]
[White "Pacey, Kevin"]
[Black "Forget, David"]
[Result "1-0"]
[WhiteElo "2129"]
[BlackElo "1805"]
[PlyCount "85"]
[EventDate "2006.09.09"]
[EventType "swiss"]
[EventRounds "5"]
[EventCountry "CAN"]

1. e4 e6 2. d4 d5 3. Nc3 Bb4 4. e5 c5 5. a3 Bxc3+ 6. bxc3 Ne7 7. a4 Qa5 8. Qd2
cxd4 9. cxd4 Qxd2+ 10. Kxd2 b6 11. Bb5+ Bd7 12. Ba3 Nbc6 13. Nf3 Na5 14. Kd3
Bxb5+ 15. axb5 Kd7 16. Bb4 Nc4 17. Ra6 h6 18. Bxe7 Kxe7 19. Rha1 Na5 20. Nd2
Rhd8 21. Nb3 Nxb3 22. cxb3 Rd7 23. Rxb6 axb6 24. Rxa8 Rb7 25. g4 f6 26. f4 fxe5
27. dxe5 Kf7 28. f5 h5 29. h3 hxg4 30. hxg4 exf5 31. gxf5 g6 32. fxg6+ Kxg6 33.
Kd4 Kf5 34. Rf8+ Ke6 35. Rf6+ Ke7 36. Kxd5 Ra7 37. Rxb6 Ra1 38. Rb7+ Kd8 39. b6
Kc8 40. Rc7+ Kb8 41. e6 Ra5+ 42. Kd6 Rb5 43. e7 1-0

[Event "RA Fall op"]
[Site "Ottawa CAN"]
[Date "2006.09.09"]
[Round "3"]
[White "Pacey, Kevin"]
[Black "Valdizon, Armando"]
[Result "1-0"]
[WhiteElo "2129"]
[BlackElo "2240"]
[PlyCount "59"]
[EventDate "2006.09.09"]
[EventType "swiss"]
[EventRounds "5"]
[EventCountry "CAN"]

1. Nf3 f5 2. c4 Nf6 3. g3 b6 4. Bg2 Bb7 5. O-O e6 6. d3 Be7 7. e4 fxe4 8. Ng5
O-O 9. Nc3 h6 10. Ngxe4 Nc6 11. d4 Na5 12. Nxf6+ Bxf6 13. Bxb7 Nxb7 14. Qg4 Kh8
15. d5 Bxc3 16. bxc3 e5 17. Be3 Nd6 18. c5 Nf5 19. Qe4 Qe7 20. c6 dxc6 21. dxc6
Nd6 22. Qa4 Qe6 23. Rad1 Rf3 24. Rde1 Raf8 25. Qxa7 R8f7 26. Rd1 Qh3 27. Qb8+
Kh7 28. Rxd6 Rxe3 29. Rd7 Rf5 30. Qxc7 1-0

[Event "RA Fall op"]
[Site "Ottawa CAN"]
[Date "2006.09.10"]
[Round "4"]
[White "Gelblum, Robert"]
[Black "Pacey, Kevin"]
[Result "1/2-1/2"]
[WhiteElo "2111"]
[BlackElo "2129"]
[PlyCount "65"]
[EventDate "2006.09.09"]
[EventType "swiss"]
[EventRounds "5"]
[EventCountry "CAN"]

1. e4 e6 2. d4 d5 3. Nd2 a6 4. Ngf3 c5 5. exd5 exd5 6. Be2 cxd4 7. O-O Bd6 8.
Re1 Ne7 9. Nb3 Nbc6 10. Nbxd4 O-O 11. c3 Qc7 12. h3 Ng6 13. Bd3 Nf4 14. Bf5 g6
15. Bxc8 Raxc8 16. Ne2 Nxe2+ 17. Rxe2 Qa5 18. Be3 Qb5 19. Qd2 Rfe8 20. Rae1 Na5
21. Bd4 Rxe2 22. Rxe2 Nc6 23. Bf6 Qc4 24. b3 Qf4 25. Qxf4 Bxf4 26. Kf1 Bh6 27.
Ke1 Bg7 28. Bxg7 Kxg7 29. Kd2 Kf6 30. Kd3 h5 31. h4 Kf5 32. Re1 f6 33. Nd4+
1/2-1/2

[Event "RA Fall op"]
[Site "Ottawa CAN"]
[Date "2006.09.10"]
[Round "5"]
[White "Pacey, Kevin"]
[Black "Mai, Lloyd"]
[Result "0-1"]
[WhiteElo "2129"]
[BlackElo "2091"]
[PlyCount "114"]
[EventDate "2006.09.09"]
[EventType "swiss"]
[EventRounds "5"]
[EventCountry "CAN"]

1. d4 Nf6 2. Nc3 g6 3. e4 d6 4. Nf3 Bg7 5. h3 O-O 6. Be3 c6 7. a4 Nbd7 8. Qd2
Qa5 9. Bd3 b5 10. O-O b4 11. Ne2 c5 12. Ng3 Qc7 13. c3 c4 14. Bb1 b3 15. Bh6 e5
16. Bxg7 Kxg7 17. Nh4 a5 18. f4 Bb7 19. fxe5 dxe5 20. Qg5 Ra6 21. d5 Ne8 22.
Kh1 Kh8 23. Qe7 Nef6 24. Nf3 Qd6 25. Qxd6 Rxd6 26. Nd2 Ba6 27. Re1 h5 28. Ngf1
Nb6 29. Ne3 Nfd7 30. Nf3 f6 31. Nh4 Kh7 32. g4 hxg4 33. Nxg4 Rh8 34. Ne3 Nf8
35. Kg2 Kg8 36. Nf3 Kf7 37. Rf1 Ke7 38. Ng4 Nfd7 39. Rf2 Bc8 40. Ne3 Nc5 41. h4
Rdd8 42. Nd2 Ba6 43. Ng4 Rdf8 44. Nf3 Nbd7 45. Kg3 Nb7 46. Ne3 Nd6 47. Ng2 Nb6
48. Ne3 Bc8 49. Nd2 g5 50. Rh2 gxh4+ 51. Kf2 h3 52. Nf5+ Kd7 53. Nf1 Rfg8 54.
N1e3 Rg5 55. Ng3 Rh4 56. Ng2 hxg2 57. Rxh4 Rxg3 0-1